Chữ nhẫn của người Trung Hoa
Có 2 chương. Chương 1 gồm 70 câu chuyện về chữ nhẫn, gọi là Nhẫn Kinh. Chương 2 gần 300 câu danh ngôn, phương châm về chữ nhẫn, gọi là Khuyến Nhẫn.
সংরক্ষণ করুন:
| প্রধান লেখক: | |
|---|---|
| বিন্যাস: | গ্রন্থ |
| ভাষা: | Undetermined |
| প্রকাশিত: |
H.
Giáo dục
2008
|
| বিষয়গুলি: | |
| অনলাইন ব্যবহার করুন: | http://lrc.tdmu.edu.vn/opac/search/detail.asp?aID=2&ID=15073 |
| ট্যাগগুলো: |
ট্যাগ যুক্ত করুন
কোনো ট্যাগ নেই, প্রথমজন হিসাবে ট্যাগ করুন!
|
| Thư viện lưu trữ: | Trung tâm Học liệu Trường Đại học Thủ Dầu Một |
|---|
| LEADER | 00873nam a2200205Ia 4500 | ||
|---|---|---|---|
| 001 | TDMU_15073 | ||
| 008 | 210410s9999 xx 000 0 und d | ||
| 082 | |a 306.0951 | ||
| 090 | |b TR121 | ||
| 100 | |a Trần, Sáng | ||
| 245 | 0 | |a Chữ nhẫn của người Trung Hoa | |
| 245 | 0 | |c Trần Sáng (biên dịch) | |
| 260 | |a H. | ||
| 260 | |b Giáo dục | ||
| 260 | |c 2008 | ||
| 300 | |a 88tr. | ||
| 520 | |a Có 2 chương. Chương 1 gồm 70 câu chuyện về chữ nhẫn, gọi là Nhẫn Kinh. Chương 2 gần 300 câu danh ngôn, phương châm về chữ nhẫn, gọi là Khuyến Nhẫn. | ||
| 650 | |a Văn hóa Trung Hoa; Thuật làm người |x Nhẫn | ||
| 856 | |u http://lrc.tdmu.edu.vn/opac/search/detail.asp?aID=2&ID=15073 | ||
| 980 | |a Trung tâm Học liệu Trường Đại học Thủ Dầu Một | ||